Road maintenance handbook : (Record no. 547587)
[ view plain ]
| 000 -LEADER | |
|---|---|
| fixed length control field | 01304nam a2200265 a 4500 |
| 020 ## - INTERNATIONAL STANDARD BOOK NUMBER | |
| International Standard Book Number | 3920271025 (pbk.) |
| 082 00 - DEWEY DECIMAL CLASSIFICATION NUMBER | |
| Classification number | 625.76 |
| Author Mark | ROA |
| 245 00 - TITLE STATEMENT | |
| Title | Road maintenance handbook : |
| Remainder of title | practical guidelines for road maintenance in Africa. |
| 250 ## - EDITION STATEMENT | |
| Edition statement | 2nd ed. |
| 260 ## - PUBLICATION, DISTRIBUTION, ETC. | |
| Place of publication, distribution, etc. | [Cologne : |
| Name of publisher, distributor, etc. | Carl Duisberg Gesellschaft on behalf of Bundesminister für Wirtschaftliche Zusammenarbeit, Bonn, |
| 300 ## - PHYSICAL DESCRIPTION | |
| Extent | 3 v. : |
| Other physical details | ill. (some col.) ; |
| Dimensions | 19 cm. |
| 500 ## - GENERAL NOTE | |
| General note | At head of title: United Nations Economic Commission for Africa. |
| 500 ## - GENERAL NOTE | |
| General note | Vol. 2 published by Transport and Road Research Laboratory, Crowthorne, Berkshire, United Kingdom; v. 3 by Ministère de la coopération et du développement, Paris. |
| 505 0# - FORMATTED CONTENTS NOTE | |
| Formatted contents note | v. 1. Maintenance of roadside areas, drainage sturctures, and traffic control devices -- v. 2. Unpaved roads -- v. 3. Paved roads. |
| 526 ## - STUDY PROGRAM INFORMATION NOTE | |
| Program name | 0 |
| Interest level | 0 |
| Reading level | 0 |
| Title point value | 625_760000000000000_ROA |
| 650 #0 - SUBJECT ADDED ENTRY--TOPICAL TERM | |
| Topical term or geographic name entry element | MCE |
| 9 (RLIN) | 379 |
| 650 #0 - SUBJECT ADDED ENTRY--TOPICAL TERM | |
| Topical term or geographic name entry element | Roads |
| General subdivision | Maintenance and repair |
| -- | Handbooks, manuals, etc. |
| 650 #0 - SUBJECT ADDED ENTRY--TOPICAL TERM | |
| Topical term or geographic name entry element | Roadside improvement |
| General subdivision | Handbooks, manuals, etc. |
| 650 #0 - SUBJECT ADDED ENTRY--TOPICAL TERM | |
| Topical term or geographic name entry element | Traffic signs and signals |
| General subdivision | Maintenance and repair |
| -- | Handbooks, manuals, etc. |
| 710 2# - ADDED ENTRY--CORPORATE NAME | |
| Corporate name or jurisdiction name as entry element | France. |
| 710 2# - ADDED ENTRY--CORPORATE NAME | |
| Corporate name or jurisdiction name as entry element | Germany (West). |
| 710 2# - ADDED ENTRY--CORPORATE NAME | |
| Corporate name or jurisdiction name as entry element | Transport and Road Research Laboratory. |
| 9 (RLIN) | 38147 |
| 710 2# - ADDED ENTRY--CORPORATE NAME | |
| Corporate name or jurisdiction name as entry element | United Nations. |
| 942 ## - ADDED ENTRY ELEMENTS (KOHA) | |
| Source of classification or shelving scheme | |
| Koha item type | Book |
| Withdrawn status | Lost status | Source of classification or shelving scheme | Damaged status | Not for loan | Permanent Location | Current Location | Date acquired | Total Checkouts | Full call number | Barcode | Date last seen | Price effective from | Koha item type |
|---|---|---|---|---|---|---|---|---|---|---|---|---|---|
| Military College of Engineering (MCE) | Military College of Engineering (MCE) | 07/22/2014 | 625.76 ROA | MCE-43245 | 07/22/2014 | 07/22/2014 | Book |
